Statistics for Airlines Serving Moncton (YQM)

Click here to take the quiz!

General Stats

  • This quiz has been taken 18 times
    (8 since last reset)
  • The average score is 5 of 7

Answer Stats

Airline% Correct
Air Canada
100%
Porter Airlines
100%
WestJet
100%
Air Transat
83%
Sunwing Airlines
67%
PAL Airlines
33%
Canadian North
17%

Score Distribution

Percentile by Number Answered

Percent of People with Each Score

Your Score History

You have not taken this quiz since the last reset